Slovak V4 presidency priorities, goals and key achievements in energy

Regionálny prístup Slovenska v prezidentskej pozícii s rešpektom k národným vlastnostiam. Kompletizácia vnútorného energetického trhu. Rámec pre klimatickú a energetickú politiku po r. 2020. Regionálne rozmery bezpečnosti plynovej bezpečnosti. Význam infraštruktúrneho rozvoja. Budúci energetický mix...

Descrizione completa

Salvato in:
Dettagli Bibliografici
Autore principale: Šalamonová, Alena
Natura: Capitolo di libro
Lingua:inglese
Soggetti:
Tags: Aggiungi Tag
Nessun Tag, puoi essere il primo ad aggiungerne!!

MARC

LEADER 00000naa a2200000 4500
001 0200244
005 20231208104106.5
041 0 |a eng 
044 |a SK 
245 1 0 |a Slovak V4 presidency priorities, goals and key achievements in energy  |c Alena Šalamonová 
520 |a Regionálny prístup Slovenska v prezidentskej pozícii s rešpektom k národným vlastnostiam. Kompletizácia vnútorného energetického trhu. Rámec pre klimatickú a energetickú politiku po r. 2020. Regionálne rozmery bezpečnosti plynovej bezpečnosti. Význam infraštruktúrneho rozvoja. Budúci energetický mix vo V4. Piliere energetickej únie. 
610 2 0 |a Vyšehradská štvorka 
610 2 0 |a Európska únia 
610 2 0 |a trh energetický 
610 2 0 |a bezpečnosť energetická 
610 2 0 |a investície rozvojové 
610 2 0 |a infraštruktúra technická 
100 1 |a Šalamonová, Alena